000 00874cam a22002891 4500
001 32239
003 BD-RjUL
005 20211209051815.0
008 140424s1940 enk 001 0 eng d
035 _a(BD-RjUL)32328
035 _a(OCoLC)1214334
040 _aDLC
_cMSohG
_dOCoLC
_dDLC
_dBD-RjUL
_beng
041 _aeng
082 0 4 _223
_a204
_bMCP 1940
100 1 _aMcKenzie, John Grant,
_d1882-
_998107
245 1 0 _aPsychology, psychotherapy and evangelicalism /
_cby J. G. McKenzie.
260 _aLondon :
_bG. Allen and Unwin ,
_c1940.
300 _axiii, 238 p. ;
_c22 cm.
500 _a"First published in 1940."
504 _aBibliographical footnotes. and Index
650 0 _aEvangelicalism.
_998108
650 0 _aPsychology, Religious.
_998109
650 0 _aMental healing.
_985849
942 _2ddc
_cBK
999 _c32239
_d32239